A shock to thought (Registro nro. 305193)

Detalles MARC
000 -ENCABEZADO
Número de control [NR] 01043cam a2200301Ma 4500
001 - NÚMERO DE CONTROL
control field ocn931403810
003 - IDENTIFICADOR DE CONTROL NÚMERO
control field OCoLC
005 - FECHA Y HORA DE LA ÚLTIMA TRANSACCIÓN
control field 20170712072713.0
008 - DE LONGITUD FIJA DE DATOS DE ELEMENTOS - INFORMACIÓN GENERAL
Elementos de longitud fija [NR] 011129r20022000enka b 001 0 eng d
020 ## - NUMERO INTERNACIONAL NORMALIZADO PARA LIBROS [R]
Número Internacional Normalizado del libro [NR] 041523803X
040 ## - FUENTE DE CATALOGACION [NR]
Agencia de catalogación original [NR] Co-BoUCM
Idioma de catalogación [NR] spa
Quien Cataloga Saul Niño (Modificó)
Quien Clasifica Luz Cupitra
041 ## - CODIGO DE IDIOMA [R]
Código de idioma para texto/pista de sonido o título separado [R] Español
092 ## - SIGNATURA TOPOGRAFICA LOCAL
Número de clasificación local M422
100 1# - ASIENTO PRINCIPAL--NOMBRE PERSONAL [NR]
Nombre personal [NR] Mussumi, Brian
ID Autoridad 82482
245 03 - MENCION DE TITULO [NR]
Título [NR] A shock to thought
Parte restante del título [NR] expression after Deleuze & Guattari
Mención de responsabilidad, etc. [NR] edited por Brian Massumi
260 ## - PUBLICACION, DISTRIBUCION, ETC. (PIE DE IMPRENTA) [R]
Lugar de publicación, distribución, etc. [R] Londres
Nombre del editor, distribuidor, etc. [R] Routledge
Fecha de publicación, distribución, etc. [R] 2002
300 ## - DESCRIPCION FISICA [R]
Extensión [R] xxxix, 256 páginas
Otros detalles físicos [NR] Ilustraciones;
600 #0 - ASIENTO SECUNDARIO DE MATERIA - NOMBRE PERSONAL [R]
Nombre personal [NR] Deleuze, Gilles
Subdivisión general [R] Critica e interpretación
9 (RLIN) 70327
Fechas asociadas con el nombre [NR] 1925-1995
600 10 - ASIENTO SECUNDARIO DE MATERIA - NOMBRE PERSONAL [R]
Nombre personal [NR] Guattari, Félix
Subdivisión general [R] Crítica e interpretación
9 (RLIN) 82483
600 14 - ASIENTO SECUNDARIO DE MATERIA - NOMBRE PERSONAL [R]
Nombre personal [NR] Deleuze, Gilles,
Fechas asociadas con el nombre [NR] 1925-1995.
9 (RLIN) 1481
600 14 - ASIENTO SECUNDARIO DE MATERIA - NOMBRE PERSONAL [R]
Nombre personal [NR] Guattari, Félix,
Fechas asociadas con el nombre [NR] 1930-1992.
9 (RLIN) 82233
650 04 - ASIENTO SECUNDARIO DE MATERIA - TERMINO TEMATICO [R]
Término temático o nombre geográfico como elemento de entrada [NR] Estética
9 (RLIN) 15073
650 04 - ASIENTO SECUNDARIO DE MATERIA - TERMINO TEMATICO [R]
Término temático o nombre geográfico como elemento de entrada [NR] Análisis (Filosofía)
9 (RLIN) 8941
653 ## - TERMINO DE INDIZACION - NO CONTROLADO [R]
Término de indización no controlado [R] Estética
700 1# - ASIENTO SECUNDARIO - NOMBRE PERSONAL [R]
Nombre personal [NR] Massumi, Brian Editor
9 (RLIN) 82484
942 ## - ELEMENTOS DE ENTRADA AGREGADOS (KOHA)
Sistema de clasificación DEWEY
Tema principal Filosofía
Tipo de ítem principal el descrito en 300a Libro
Edición 1
Clasificación 801.93
Parte restante de la signatura top. M422
Existencias
Signatura topográfica Código de barras Última vez visto Ejemplar Costo de reposición Price effective from Tipo de ítem Perdido Sistema de clasificación Dañado No prestable Tipo de ítem específico Suprimido Ubicación habitual Ubicación actual Localización Fecha de creación Proveedor Forma de adquisición Costo
801.93 M422 100151913 06/12/2025 Ej. 1 132348.00 23/11/2016 Libro   DEWEY     Libro   Claustro Claustro 2do piso 23/11/2016 19 Compra 132348.00